[Event "XXXVIII Festival A"]
[Site "Imperia ITA"]
[Date "1996.09.??"]
[Round "2"]
[White "Vasicek, Martin"]
[Black "Sejkora, Vlastimil"]
[WhiteElo "2125"]
[BlackElo "2235"]
[Result "1/2-1/2"]
[PlyCount "128"]
[EventDate "1996.09.01"]

1. e4 c5 2. Nf3 d6 3. d4 cxd4 4. Nxd4 Nf6 5. Nc3 a6 6. Be2 Qc7 7. a4 Nc6 8. Be3
e6 9. O-O Be7 10. f4 O-O 11. Kh1 Bd7 12. Qe1 Rac8 13. Rd1 Nxd4 14. Bxd4 Bc6 15.
Qg3 g6 16. Bf3 b5 17. axb5 axb5 18. e5 Ne8 19. Ne4 Bxe4 20. Bxe4 d5 21. Bd3 Ng7
22. Qf2 b4 23. Ra1 Ra8 24. Bb6 Qc6 25. Ba7 f6 26. Ra6 Qc8 27. exf6 Bxf6 28. b3
Rf7 29. Ra4 Bc3 30. Bd4 Rxa4 31. bxa4 e5 32. Bxc3 bxc3 33. a5 e4 34. Be2 Nf5
35. Qb6 d4 36. a6 Ne3 37. Qxd4 Nxf1 38. Bxf1 Qd7 39. Qxe4 Qd2 40. h3 Qxf4 41.
Qxf4 Rxf4 42. Bb5 Rb4 43. Bc6 Rb1+ 44. Kh2 Ra1 45. Bb7 Kf7 46. Kg3 Ke6 47. Kf4
Kd6 48. Kg5 Ke7 49. Kh6 Ra2 50. Be4 Rxa6 51. Kxh7 g5 52. Bg6 Kd6 53. Kh6 Ra5
54. Kh5 Ke7 55. Kg4 Kf6 56. Bd3 Rd5 57. Be4 Rd1 58. Kf3 Ke5 59. Bg6 Rd6 60. Bh7
Kd4 61. Kg4 Rd5 62. Bf5 Ke3 63. Kxg5 Rxf5+ 64. Kxf5 Kd2 1/2-1/2

[Event "XXXVIII Festival A"]
[Site "Imperia ITA"]
[Date "1996.09.??"]
[Round "2"]
[White "Wagman, Stuart"]
[Black "Viaggi, Giovanni"]
[WhiteElo "2195"]
[BlackElo "2120"]
[Result "1/2-1/2"]
[PlyCount "58"]
[EventDate "1996.09.01"]

1. e4 e5 2. Nf3 Nc6 3. Nc3 Nf6 4. Bb5 d6 5. d4 exd4 6. Nxd4 Bd7 7. O-O Nxd4 8.
Qxd4 Bxb5 9. Nxb5 a6 10. Nc3 Be7 11. b3 O-O 12. Bb2 Re8 13. Nd5 c6 14. Nxe7+
Qxe7 15. f3 Nh5 16. Rad1 Rad8 17. c4 Qg5 18. Qd2 Qg6 19. Rfe1 h6 20. Kf1 b5 21.
g4 Nf6 22. Qf4 Nh7 23. cxb5 axb5 24. Rd2 d5 25. Red1 Ng5 26. h4 Nxe4 27. fxe4
Rxe4 28. Qf5 Qxg4 29. Qxg4 Rxg4 1/2-1/2

[Event "XXXVIII Festival A"]
[Site "Imperia ITA"]
[Date "1996.09.??"]
[Round "3"]
[White "Arlandi, Ennio"]
[Black "Beil, Zdenek"]
[WhiteElo "2445"]
[BlackElo "2325"]
[Result "1-0"]
[PlyCount "105"]
[EventDate "1996.09.01"]

1. d4 d5 2. c4 c6 3. Nc3 Nf6 4. e3 g6 5. Nf3 Bg7 6. Be2 O-O 7. O-O e6 8. Qc2
Nbd7 9. Rd1 h6 10. e4 b6 11. e5 Ne8 12. cxd5 cxd5 13. b3 f5 14. exf6 Qxf6 15.
Ba3 Rf7 16. Bd3 Bf8 17. Bxf8 Nxf8 18. Ne5 Rg7 19. Qd2 h5 20. Ne2 Nd6 21. Nf4
Bd7 22. Rac1 Be8 23. Rc3 Rc8 24. Rxc8 Nxc8 25. Rc1 Nd6 26. Ne2 Qd8 27. Rc3 Rc7
28. Rxc7 Qxc7 29. Qg5 Nf7 30. Nxf7 Kxf7 31. h3 Qe7 32. Qg3 h4 33. Qg4 Qf6 34.
f4 Bd7 35. Qf3 Bc8 36. Kh1 Nd7 37. Qe3 Nb8 38. Ng1 Nc6 39. Nf3 a6 40. Ne5+ Nxe5
41. dxe5 Qd8 42. Qe2 Qc7 43. Qg4 Qc1+ 44. Kh2 Qe1 45. Bxg6+ Ke7 46. Bh5 Kd8 47.
Qg7 Qf2 48. Bf3 Bd7 49. f5 Qd4 50. Qg5+ Kc8 51. fxe6 Bc6 52. e7 Kc7 53. Bh5 1-0

[Event "XXXVIII Festival A"]
[Site "Imperia ITA"]
[Date "1996.09.??"]
[Round "3"]
[White "Babula, Vlastimil"]
[Black "Biolek, Richard sr"]
[WhiteElo "2545"]
[BlackElo "2395"]
[Result "1/2-1/2"]
[PlyCount "91"]
[EventDate "1996.09.01"]

1. e4 e5 2. Nf3 Nc6 3. Bb5 a6 4. Ba4 Nf6 5. O-O Be7 6. Re1 b5 7. Bb3 d6 8. c3
O-O 9. h3 Na5 10. Bc2 c5 11. d3 h6 12. Nbd2 Re8 13. Nf1 Bf8 14. Ne3 Nc6 15. a4
Bb7 16. Nh2 d5 17. axb5 axb5 18. Rxa8 Bxa8 19. Nhg4 Nxg4 20. Qxg4 d4 21. Nd5
Re6 22. f4 Rg6 23. Qh5 Na5 24. Qxe5 Rd6 25. Bd2 Bxd5 26. exd5 Rxd5 27. Qe8 dxc3
28. bxc3 Qd6 29. Be3 c4 30. d4 b4 31. cxb4 Nb3 32. Be4 Rh5 33. Qc8 Qxb4 34. Re2
Ra5 35. Kh2 Qc3 36. Bf2 Nxd4 37. Re3 Qd2 38. Qxc4 Qxf2 39. Qxd4 Qxf4+ 40. Kh1
Rf5 41. Rf3 Qc1+ 42. Kh2 Qc7+ 43. Kh1 Re5 44. Rf1 Qc5 45. Qxc5 Bxc5 46. Rf5
1/2-1/2

[Event "XXXVIII Festival A"]
[Site "Imperia ITA"]
[Date "1996.09.??"]
[Round "3"]
[White "Barlocco, Carlo"]
[Black "Karl, Hans"]
[WhiteElo "2195"]
[BlackElo "2255"]
[Result "0-1"]
[PlyCount "58"]
[EventDate "1996.09.01"]

1. f4 d5 2. Nf3 e6 3. e3 c5 4. Be2 Bd6 5. b3 Nc6 6. Bb2 f6 7. d3 Nge7 8. Nbd2
O-O 9. g3 e5 10. O-O Nf5 11. Kf2 d4 12. exd4 cxd4 13. Nc4 exf4 14. gxf4 Bxf4
15. Bc1 Bc7 16. a4 Re8 17. Re1 Qd5 18. Bf1 Bd7 19. Bd2 Qf7 20. Rxe8+ Rxe8 21.
Qc1 g5 22. Bh3 Qh5 23. Bxf5 Bxf5 24. Qh1 g4 25. Rg1 Bg6 26. Ne1 g3+ 27. Rxg3
Qe2+ 28. Kg1 Qxe1+ 29. Bxe1 Rxe1+ 0-1

[Event "XXXVIII Festival A"]
[Site "Imperia ITA"]
[Date "1996.09.??"]
[Round "3"]
[White "Blasco, Domenico"]
[Black "Tortarolo, Massimiliano"]
[WhiteElo "2220"]
[BlackElo "2235"]
[Result "0-1"]
[PlyCount "88"]
[EventDate "1996.09.01"]

1. d4 Nf6 2. e3 g6 3. c4 Bg7 4. Nc3 O-O 5. Nf3 d5 6. cxd5 Nxd5 7. Qb3 Nb6 8. a4
a5 9. Nb5 Be6 10. Qc2 c6 11. Na3 Qd5 12. Bd3 Na6 13. Bxa6 Rxa6 14. O-O Qb3 15.
Qc5 Qb4 16. Nc2 Qxc5 17. dxc5 Nd7 18. Ncd4 Bc4 19. Rd1 Nxc5 20. Ra3 Bd5 21. Bd2
Rd8 22. Raa1 e5 23. b4 exd4 24. bxc5 dxe3 25. Bxe3 Bxa1 26. Rxa1 Bxf3 27. gxf3
Raa8 28. Rb1 Rd7 29. Rb3 Re8 30. Kg2 Re5 31. Rb2 Red5 32. Rb3 Rd3 33. Rb1 Ra3
34. Re1 f5 35. Bh6 Kf7 36. h4 Rxa4 37. h5 Rc4 38. hxg6+ hxg6 39. Be3 f4 40. Bc1
Rxc5 41. Bxf4 a4 42. Re4 Ra5 43. Be5 Rxe5 44. Rxe5 Rd5 0-1

[Event "XXXVIII Festival A"]
[Site "Imperia ITA"]
[Date "1996.09.??"]
[Round "3"]
[White "Bonugli, Carlo"]
[Black "Vasicek, Martin"]
[WhiteElo "2070"]
[BlackElo "2125"]
[Result "0-1"]
[PlyCount "110"]
[EventDate "1996.09.01"]

1. e4 c5 2. Nc3 Nc6 3. g3 g6 4. Bg2 Bg7 5. d3 e6 6. f4 d6 7. Nf3 Nge7 8. O-O
O-O 9. Be3 Nd4 10. Rb1 Qa5 11. a3 Bd7 12. Ne2 Nxf3+ 13. Bxf3 Rac8 14. Qd2 Qxd2
15. Bxd2 Nc6 16. c3 a5 17. Be3 a4 18. d4 cxd4 19. cxd4 Na5 20. Nc3 Nc4 21. Kf2
Nxa3 22. bxa3 Rxc3 23. Rxb7 Bc6 24. Rb6 Rc8 25. d5 exd5 26. exd5 Rc2+ 27. Kg1
Bd7 28. Rxd6 Bh3 29. Rb1 R8c3 30. Rd8+ Bf8 31. Be4 Re2 32. Bd4 Rc4 33. Bf3 Rxd4
34. Bxe2 Kg7 35. Kf2 Bxa3 36. Rd1 Re4 37. Kf3 f5 38. Rd2 Bc5 39. Bd1 Re3+ 40.
Kf2 Re8+ 41. Kf3 Rxd8 42. Bxa4 Kf6 43. Ke2 Ke7 44. Bc6 Rb8 45. Ra2 Kd6 46. Kd3
Bg4 47. Ra6 Bb6 48. Ra1 Bf3 49. Kc4 Bc5 50. Ba8 Rb4+ 51. Kc3 Bd4+ 52. Kxb4 Bxa1
53. Kc4 Be2+ 54. Kb3 Bd4 55. h3 Bf2 0-1

[Event "XXXVIII Festival A"]
[Site "Imperia ITA"]
[Date "1996.09.??"]
[Round "3"]
[White "Cech, Pavel"]
[Black "Jandourek, Lukas"]
[WhiteElo "2325"]
[BlackElo "2220"]
[Result "1-0"]
[PlyCount "75"]
[EventDate "1996.09.01"]

1. d4 d5 2. c4 c6 3. Nc3 Nf6 4. Nf3 dxc4 5. a4 Bf5 6. Ne5 Nbd7 7. Nxc4 Qc7 8.
g3 e5 9. dxe5 Nxe5 10. Bf4 Nfd7 11. Bg2 f6 12. O-O Be6 13. Nxe5 fxe5 14. Bg5 h6
15. Be3 Be7 16. Qc2 O-O 17. Bxh6 Bf5 18. e4 Be6 19. Nd5 Qd6 20. Nxe7+ Qxe7 21.
Be3 a5 22. f4 exf4 23. gxf4 Rae8 24. Rae1 Qb4 25. Bd2 Qc5+ 26. Qxc5 Nxc5 27.
Re3 Nxa4 28. Bxa5 g6 29. b3 Nc5 30. Bb4 Nxb3 31. Bxf8 Rxf8 32. f5 gxf5 33. exf5
Bc4 34. Rf4 b5 35. Bxc6 Kf7 36. f6 Nc5 37. Re7+ Kg6 38. Rg7+ 1-0

[Event "XXXVIII Festival A"]
[Site "Imperia ITA"]
[Date "1996.09.??"]
[Round "3"]
[White "Colombo, Paolo"]
[Black "Botta, Tibor"]
[WhiteElo "2205"]
[BlackElo "2215"]
[Result "0-1"]
[PlyCount "122"]
[EventDate "1996.09.01"]

1. d4 d5 2. Nf3 Nf6 3. Bg5 e6 4. Nbd2 Be7 5. e3 Nbd7 6. Bd3 O-O 7. c3 c5 8. O-O
b6 9. a4 Bb7 10. Qb1 h6 11. Bh4 a5 12. Ne5 Nxe5 13. dxe5 Nd7 14. Bxe7 Qxe7 15.
f4 Ba6 16. Bh7+ Kh8 17. Rf2 g6 18. Bxg6 fxg6 19. Qxg6 Rf7 20. Qxh6+ Rh7 21. Qg6
Rg8 22. Qc2 Nf8 23. Nf3 Rh3 24. Kh1 Rh6 25. Ng5 Nh7 26. Nf3 Bb7 27. Rd1 Bc6 28.
b4 Qe8 29. b5 Bb7 30. h3 Qh5 31. Ng1 Rg3 32. Rf3 Rhg6 33. Rxg3 Rxg3 34. Re1 d4
35. e4 Rxc3 36. Qf2 Bc8 37. g4 Rxh3+ 38. Nxh3 Qxh3+ 39. Kg1 Qxg4+ 40. Kf1 Kg7
41. Qg2 Qxg2+ 42. Kxg2 Nf8 43. Kf3 Kf7 44. Rh1 Bd7 45. Rh2 Bc8 46. Rh6 Kg7 47.
Rh1 Bb7 48. Rh2 Nd7 49. Rc2 Nf8 50. Rh2 c4 51. Rd2 d3 52. Ke3 Nd7 53. Kd4 Nc5
54. Rg2+ Kf7 55. Kxc4 Bxe4 56. Rh2 Nxa4 57. Kd4 Nc5 58. Ke3 Bf5 59. Rb2 a4 60.
Ra2 Nb3 61. Rxa4 d2 0-1

[Event "XXXVIII Festival A"]
[Site "Imperia ITA"]
[Date "1996.09.??"]
[Round "3"]
[White "Cugini, Verter"]
[Black "Bozzali, Ermanno"]
[WhiteElo "2255"]
[BlackElo "2195"]
[Result "0-1"]
[PlyCount "128"]
[EventDate "1996.09.01"]

1. e4 c5 2. g3 Nc6 3. Bg2 g6 4. Ne2 Bg7 5. O-O d6 6. c3 e5 7. d3 Nge7 8. Be3
O-O 9. Qd2 f5 10. Bh6 Be6 11. Bxg7 Kxg7 12. Na3 d5 13. exf5 Bxf5 14. d4 cxd4
15. cxd4 e4 16. Nc2 Qb6 17. Ne3 Rac8 18. Rfc1 Nb4 19. Rc3 Rxc3 20. Nxc3 Nd3 21.
Ncxd5 Nxd5 22. Nxd5 Qxd4 23. Qc3 Qxc3 24. Nxc3 Re8 25. Nd1 g5 26. Ne3 Kf6 27.
Bf1 g4 28. Rd1 Rd8 29. Rd2 Rd6 30. Rc2 Ne1 31. Rc7 Nf3+ 32. Kg2 Bd7 33. Bc4 b5
34. Bd5 Ke5 35. Rxa7 Rh6 36. Nf1 Bf5 37. Bb3 Kd4 38. Rf7 Rh5 39. Rf8 Ne1+ 40.
Kh1 Nf3 41. Rd8+ Kc5 42. Bd1 Be6 43. Bxf3 exf3 44. Ne3 Bxa2 45. Nxg4 Kb4 46.
Rd2 Rc5 47. h4 Rd5 48. Rxd5 Bxd5 49. Nf6 Bc4 50. Nxh7 Kb3 51. Nf6 Kxb2 52. h5
b4 53. h6 Bd3 54. Nd7 Kc2 55. Nc5 b3 56. Nxb3 Kxb3 57. Kh2 Kc2 58. g4 Kd2 59.
Kg3 Ke2 60. g5 Bh7 61. Kg4 Kxf2 62. Kh5 Kg3 63. g6 f2 64. gxh7 f1=Q 0-1

[Event "XXXVIII Festival A"]
[Site "Imperia ITA"]
[Date "1996.09.??"]
[Round "3"]
[White "De Palma, Fabrizio"]
[Black "Mokosch, Andreas"]
[WhiteElo "1866"]
[BlackElo "2180"]
[Result "1/2-1/2"]
[PlyCount "48"]
[EventDate "1996.09.01"]

1. d4 d5 2. Nf3 c6 3. c4 e6 4. Nc3 dxc4 5. a4 Bb4 6. e3 b5 7. Ne5 Bb7 8. Bd2 a5
9. Qf3 Qe7 10. Be2 Nf6 11. O-O O-O 12. Rfd1 Rd8 13. Be1 Bxc3 14. bxc3 Nfd7 15.
axb5 Nxe5 16. dxe5 Nd7 17. bxc6 Nxe5 18. Qh5 Nxc6 19. Bxc4 Rxd1 20. Qxd1 Ne5
21. Bf1 Bd5 22. c4 Bxc4 23. Rxa5 Rxa5 24. Bxa5 Bxf1 1/2-1/2

[Event "XXXVIII Festival A"]
[Site "Imperia ITA"]
[Date "1996.09.??"]
[Round "3"]
[White "Dinser, Hans"]
[Black "Mollero, Michele"]
[WhiteElo "2165"]
[BlackElo "2030"]
[Result "1-0"]
[PlyCount "79"]
[EventDate "1996.09.01"]

1. d4 d5 2. c4 c6 3. cxd5 cxd5 4. Nf3 Nf6 5. Nc3 Nc6 6. Bf4 Bf5 7. e3 e6 8. Be2
Bd6 9. O-O O-O 10. Nh4 Bxf4 11. exf4 Qb6 12. Nxf5 exf5 13. Bf3 Rad8 14. Ne2
Qxb2 15. Qd3 Ne4 16. Rfb1 Nb4 17. Qb5 Nc3 18. Rxb2 Nxb5 19. Rxb4 Nd6 20. Bxd5
b6 21. Ng3 Rfe8 22. Nf1 g6 23. g3 Re2 24. Ne3 Rd2 25. Ra4 Ne8 26. Rc1 Nf6 27.
Bf3 R2xd4 28. Rxd4 Rxd4 29. Rc4 Rd2 30. Rc8+ Kg7 31. Kg2 Rd4 32. Rc4 Rd7 33. h4
h5 34. Bc6 Rc7 35. Bb5 Re7 36. Rd4 Rb7 37. Rd8 Rc7 38. Nd5 Nxd5 39. Rxd5 Rc2
40. Rd7 1-0

[Event "XXXVIII Festival A"]
[Site "Imperia ITA"]
[Date "1996.09.??"]
[Round "3"]
[White "Etchegaray, Patrice"]
[Black "Maes, Valeer"]
[WhiteElo "2295"]
[BlackElo "2265"]
[Result "0-1"]
[PlyCount "112"]
[EventDate "1996.09.01"]

1. d4 Nf6 2. c4 g6 3. Nc3 Bg7 4. e4 d6 5. f4 O-O 6. Nf3 c5 7. d5 e6 8. Be2 exd5
9. cxd5 Bg4 10. O-O Nbd7 11. Re1 Re8 12. h3 Bxf3 13. Bxf3 a6 14. a4 Rc8 15. Kh1
Qc7 16. Be3 Rb8 17. Rc1 Qa5 18. g4 h6 19. h4 b5 20. g5 hxg5 21. hxg5 Nh7 22.
axb5 axb5 23. Bg4 Ndf8 24. e5 dxe5 25. Ne4 exf4 26. Bxf4 Rbd8 27. Rxc5 Qb4 28.
Bd2 Qd4 29. Bc3 Qxd1 30. Bxd1 Bxc3 31. bxc3 Kg7 32. Re2 Re5 33. Rxb5 Rexd5 34.
Rxd5 Rxd5 35. Bb3 Re5 36. Bc4 Nxg5 37. Nxg5 Rxg5 38. Re7 Rf5 39. Kg2 Nh7 40.
Rc7 Ng5 41. Bd3 Re5 42. Bc4 Kf6 43. Rc6+ Ne6 44. Rc8 Ke7 45. Bb3 f5 46. Ra8 Nc5
47. Bc4 Ne4 48. Ra7+ Kf6 49. Ra6+ Kg5 50. Bf7 Nf6 51. Rc6 Re7 52. Bc4 Ng4 53.
Re6 Rc7 54. Be2 Nf6 55. c4 Nh5 56. Bxh5 Kxh5 0-1

[Event "XXXVIII Festival A"]
[Site "Imperia ITA"]
[Date "1996.09.??"]
[Round "3"]
[White "Faraci, Antonino"]
[Black "Wagman, Stuart"]
[WhiteElo "2015"]
[BlackElo "2195"]
[Result "1/2-1/2"]
[PlyCount "87"]
[EventDate "1996.09.01"]

1. d4 d5 2. c4 c6 3. Nf3 Nf6 4. Nc3 dxc4 5. a4 Bg4 6. Ne5 Bh5 7. h3 Na6 8. Nxc4
Nb4 9. Qb3 e6 10. e3 Bg6 11. Na3 Be7 12. Bc4 O-O 13. O-O a5 14. Ne2 Be4 15. Bd2
Bd5 16. Nf4 Ne4 17. Bc3 Bd6 18. Nxd5 exd5 19. Be2 f5 20. Be1 Qe7 21. f4 Rae8
22. Rd1 g5 23. Bh5 Rd8 24. Bf3 gxf4 25. exf4 Bxf4 26. Bxb4 axb4 27. Nb1 Bc7 28.
Qc2 Qd6 29. g4 Qg3+ 30. Qg2 Qxg2+ 31. Kxg2 fxg4 32. Bxg4 Kg7 33. Bf3 Bb6 34.
Rfe1 Rfe8 35. Bh5 Rf8 36. Re2 Rd6 37. Nd2 Nf6 38. Re7+ Kh6 39. Bf3 Bxd4 40.
Rxb7 c5 41. Nb3 Bxb2 42. Nxc5 Rc6 43. Nd3 Rc2+ 44. Kh1 1/2-1/2

[Event "XXXVIII Festival A"]
[Site "Imperia ITA"]
[Date "1996.09.??"]
[Round "3"]
[White "Garrido, Denis"]
[Black "Lostuzzi, Manlio"]
[WhiteElo "2215"]
[BlackElo "2340"]
[Result "1/2-1/2"]
[PlyCount "138"]
[EventDate "1996.09.01"]

1. d4 Nf6 2. c4 c5 3. d5 b5 4. g4 Nxg4 5. e4 d6 6. cxb5 g6 7. h3 Nf6 8. Nc3 Bg7
9. a4 a6 10. Bd2 O-O 11. Bg2 Nbd7 12. Nf3 Nh5 13. O-O Rb8 14. Qe2 axb5 15. axb5
e6 16. Be3 exd5 17. Nxd5 Re8 18. Nc3 Ndf6 19. Qd3 Bb7 20. Nd2 Nd7 21. f4 d5 22.
Nxd5 Nb6 23. Bxc5 Nxd5 24. exd5 Bxb2 25. Rab1 Bg7 26. Nb3 Qh4 27. Qf3 Rbd8 28.
Rbd1 Nf6 29. Qf2 Qxf2+ 30. Rxf2 Rxd5 31. Bxd5 Bxd5 32. Na5 Be6 33. Kh2 Ne4 34.
Rc2 Bh6 35. Be3 Ra8 36. Ra1 Bg7 37. Ra4 Nc3 38. Rb4 Rxa5 39. b6 Bd5 40. b7 Bxb7
41. Rxb7 h6 42. Bd2 Rb5 43. Rxb5 Nxb5 44. Rc8+ Kh7 45. Bb4 Nd4 46. Kg2 g5 47.
Bd6 Kg6 48. Rc5 Bf6 49. Ra5 Nf5 50. Bc7 Bc3 51. Ra6+ f6 52. Be5 Ne3+ 53. Kf3
Nd5 54. Ke4 gxf4 55. Bxf4 Nxf4 56. Kxf4 Bd2+ 57. Kg4 h5+ 58. Kf3 Bc3 59. Rc6
Bd2 60. Rc5 Bb4 61. Rb5 Bc3 62. Ke4 Be5 63. Rb1 Kg5 64. Kf3 h4 65. Ke4 Bg3 66.
Rf1 Bb8 67. Rf3 Bg3 68. Kd5 f5 69. Ke6 f4 1/2-1/2

[Event "XXXVIII Festival A"]
[Site "Imperia ITA"]
[Date "1996.09.??"]
[Round "3"]
[White "Hitzgerova, Gabriela"]
[Black "Pujos, Stephane"]
[WhiteElo "2125"]
[BlackElo "2033"]
[Result "0-1"]
[PlyCount "72"]
[EventDate "1996.09.01"]

1. e4 c5 2. Nf3 d6 3. d4 cxd4 4. Nxd4 Nf6 5. Nc3 a6 6. Be2 e5 7. Nb3 Be7 8. O-O
O-O 9. a4 Be6 10. f4 exf4 11. Bxf4 Nc6 12. Kh1 Rc8 13. Qd2 Nb4 14. Nd4 Bd7 15.
Bf3 Qb6 16. a5 Qc7 17. Rfe1 Nc6 18. Nxc6 Bxc6 19. e5 dxe5 20. Bxe5 Qd8 21. Qf4
Bxf3 22. Qxf3 Rc6 23. Red1 Qc8 24. Ra4 Re6 25. Bg3 Re8 26. h3 Bf8 27. Bf2 Bd6
28. b3 Qc7 29. Rc4 Qxa5 30. Qxb7 Qe5 31. Bg1 Nh5 32. g4 Ng3+ 33. Kg2 Ne2 34.
Qf3 Nxg1 35. Kxg1 Qh2+ 36. Kf1 Rf6 0-1

[Event "XXXVIII Festival A"]
[Site "Imperia ITA"]
[Date "1996.09.??"]
[Round "3"]
[White "Jurek, Josef"]
[Black "Sarno, Spartaco"]
[WhiteElo "2380"]
[BlackElo "2410"]
[Result "1/2-1/2"]
[PlyCount "112"]
[EventDate "1996.09.01"]

1. d4 Nf6 2. Nf3 g6 3. c4 Bg7 4. g3 O-O 5. Bg2 c6 6. Nc3 d5 7. cxd5 cxd5 8. Ne5
e6 9. Bg5 Qb6 10. Qd2 Nc6 11. Nxc6 bxc6 12. O-O Nd7 13. Rfd1 Rb8 14. Be7 Re8
15. Bd6 Rb7 16. Na4 Qd8 17. Ba3 Nb6 18. Nc5 Rb8 19. b3 e5 20. dxe5 Bxe5 21.
Rac1 Bg7 22. h3 h5 23. Bb2 Bf5 24. Bxg7 Kxg7 25. Qd4+ Qf6 26. Qxf6+ Kxf6 27. e3
Nc8 28. Rd4 Ne7 29. e4 Be6 30. Ra4 Ra8 31. Ra6 Bc8 32. Ra5 Rd8 33. Na4 Be6 34.
Nc5 dxe4 35. Nxe6 Kxe6 36. Bxe4 Rd2 37. Kg2 Kd7 38. Rc4 Kc7 39. Rca4 Kb7 40.
Re5 Rd7 41. Bf3 Rad8 42. Rb4+ Kc7 43. Ra5 Ra8 44. h4 Nd5 45. Rc4 Kb6 46. Rac5
Rd6 47. a3 a5 48. Rc2 Ne7 49. Re5 Nf5 50. Be4 Nd4 51. Rd2 Rad8 52. b4 axb4 53.
axb4 Re6 54. Rxe6 Nxe6 55. Rxd8 Nxd8 56. Bd3 c5 1/2-1/2

[Event "XXXVIII Festival A"]
[Site "Imperia ITA"]
[Date "1996.09.??"]
[Round "3"]
[White "Krouzel, Jaroslav"]
[Black "Fusari, Paolo"]
[WhiteElo "2240"]
[BlackElo "1903"]
[Result "1-0"]
[PlyCount "71"]
[EventDate "1996.09.01"]

1. d4 Nf6 2. c4 c5 3. d5 b5 4. a4 bxc4 5. Nc3 d6 6. e4 g6 7. Bxc4 Bg7 8. f4 O-O
9. Nf3 Na6 10. O-O Nb4 11. h3 Rb8 12. Qe2 Bb7 13. Be3 Qc8 14. Rad1 Ba6 15. e5
Nh5 16. Kh2 Bxc4 17. Qxc4 Nc2 18. Bc1 Bh6 19. exd6 exd6 20. Ne2 Na1 21. g4 Rb4
22. Qd3 Bxf4+ 23. Nxf4 Nxf4 24. Bxf4 Rxf4 25. Rxa1 Qb7 26. Qd2 Rb4 27. Rf2 Re8
28. Raf1 Qa6 29. Qh6 Re2 30. Ng5 Rf4 31. Kg1 Qd3 32. Qxh7+ Kf8 33. Ne6+ Rxe6
34. Rxf4 Qe3+ 35. Kh1 f5 36. dxe6 1-0

[Event "XXXVIII Festival A"]
[Site "Imperia ITA"]
[Date "1996.09.??"]
[Round "3"]
[White "Lips, Frantisek"]
[Black "Coutton, Sylvain"]
[WhiteElo "2048"]
[BlackElo "2155"]
[Result "1/2-1/2"]
[PlyCount "34"]
[EventDate "1996.09.01"]

1. d4 Nf6 2. Nf3 c5 3. e3 d5 4. b3 Bg4 5. Bd3 Nc6 6. Bb2 e6 7. Nbd2 cxd4 8.
exd4 Bd6 9. c3 O-O 10. O-O Re8 11. Be2 e5 12. Nxe5 Bxe2 13. Qxe2 Nxe5 14. dxe5
Rxe5 15. Qd3 Rh5 16. Nf3 Ng4 17. h3 Nf6 1/2-1/2

[Event "XXXVIII Festival A"]
[Site "Imperia ITA"]
[Date "1996.09.??"]
[Round "3"]
[White "Marinescu, Marian"]
[Black "Budka, Jan"]
[WhiteElo "2130"]
[BlackElo "2018"]
[Result "1/2-1/2"]
[PlyCount "140"]
[EventDate "1996.09.01"]

1. d4 Nf6 2. Nf3 e6 3. Bg5 Be7 4. Nbd2 c5 5. e3 b6 6. Bd3 Bb7 7. Qe2 O-O 8. c3
d5 9. Ne5 Nbd7 10. f4 Ne4 11. Bxe7 Qxe7 12. Nxe4 dxe4 13. Bb5 Nxe5 14. fxe5
cxd4 15. exd4 a6 16. Ba4 b5 17. Bc2 b4 18. O-O bxc3 19. bxc3 Qa3 20. Rab1 Bc6
21. Bxe4 Qxc3 22. Bxc6 Qxc6 23. Rfc1 Qd5 24. Qc4 Rfd8 25. Qxd5 Rxd5 26. Rc4 h6
27. Kf2 Rb5 28. Rbc1 Rb2+ 29. R1c2 Rxc2+ 30. Rxc2 Rb8 31. Ke3 Rb6 32. Kd3 Kf8
33. g4 Ke8 34. h4 Kd7 35. h5 Rb1 36. Rg2 Rh1 37. Rb2 Rc1 38. Rb8 Rd1+ 39. Ke3
Re1+ 40. Kf3 Rf1+ 41. Kg2 Rf4 42. Kg3 Rxd4 43. Rg8 Ke7 44. Rxg7 Kf8 45. Rh7 Re4
46. Rxh6 Rxe5 47. Rf6 Kg7 48. Rf3 Ra5 49. Rf2 Ra3+ 50. Kf4 Ra4+ 51. Kg3 Ra3+
52. Kh4 Ra4 53. h6+ Kxh6 54. Rxf7 Rxa2 55. Rf6+ Kg7 56. Rxe6 Rb2 57. Rxa6 Rb5
58. g5 Rb4+ 59. Kh5 Rb7 60. Rg6+ Kh7 61. Rf6 Kg7 62. Rf5 Rb6 63. Rd5 Ra6 64.
Rd7+ Kg8 65. Rd5 Kg7 66. Rb5 Rc6 67. Rb7+ Kg8 68. g6 Rc1 69. Rf7 Rh1+ 70. Kg4
Rg1+ 1/2-1/2

[Event "XXXVIII Festival A"]
[Site "Imperia ITA"]
[Date "1996.09.??"]
[Round "3"]
[White "Minnebo, Alain"]
[Black "Vismara, Daniele"]
[WhiteElo "2214"]
[BlackElo "2155"]
[Result "1-0"]
[PlyCount "75"]
[EventDate "1996.09.01"]

1. c4 e5 2. g3 d6 3. Bg2 f5 4. d4 exd4 5. Qxd4 Nc6 6. Qd2 Nf6 7. Nc3 g6 8. b3
Bg7 9. Bb2 O-O 10. Nh3 Kh8 11. Nf4 Ne5 12. h4 Re8 13. O-O-O Rb8 14. h5 g5 15.
h6 Bf8 16. Nfd5 Nxd5 17. Nxd5 c6 18. Nb4 Kg8 19. f4 Nf7 20. e3 Bd7 21. Rh5 Qe7
22. Nc2 b5 23. c5 d5 24. b4 Qe6 25. Qc3 Qg6 26. Rdh1 Be7 27. Nd4 Bf6 28. Qd2
Re7 29. Nc2 Rbe8 30. Bd4 Kf8 31. Bf3 Re6 32. R5h2 Ke7 33. Bh5 Qg8 34. Qc3 gxf4
35. gxf4 Qf8 36. Rg2 Bxd4 37. Nxd4 Rxh6 38. Rg7 1-0

[Event "XXXVIII Festival A"]
[Site "Imperia ITA"]
[Date "1996.09.??"]
[Round "3"]
[White "Mocchi, Tullio"]
[Black "Mrdja, Milan"]
[WhiteElo "2161"]
[BlackElo "2455"]
[Result "0-1"]
[PlyCount "78"]
[EventDate "1996.09.01"]

1. e4 c5 2. Nf3 e6 3. d4 cxd4 4. Nxd4 a6 5. c4 Nf6 6. Nc3 Qc7 7. Bd3 Nc6 8. Nc2
Ne5 9. Ne3 Bc5 10. Qe2 b6 11. O-O Bb7 12. g3 Rc8 13. f3 h5 14. Kg2 h4 15. Rd1
Nh5 16. Qe1 f5 17. Nf1 h3+ 18. Kh1 Nxf3 19. Qe2 Ne5 20. Be3 Bxe3 21. Nxe3 Nf6
22. Bc2 O-O 23. Rd4 Nc6 24. Rd2 fxe4 25. Rad1 Nb4 26. g4 Qe5 27. Rg1 Nxc2 28.
Rxc2 g5 29. Rd2 d5 30. Rgd1 Rcd8 31. Rd4 Rd7 32. Qd2 Rff7 33. cxd5 Nxd5 34.
Ncxd5 Rxd5 35. Nxd5 e3 36. Qd3 Bxd5+ 37. Kg1 e2 38. Re1 Qf4 39. Qxe2 Qxd4+ 0-1

[Event "XXXVIII Festival A"]
[Site "Imperia ITA"]
[Date "1996.09.??"]
[Round "3"]
[White "Ortega, Lexy"]
[Black "Lanzani, Mario"]
[WhiteElo "2495"]
[BlackElo "2355"]
[Result "1-0"]
[PlyCount "85"]
[EventDate "1996.09.01"]

1. d4 d5 2. c4 dxc4 3. e3 e5 4. Bxc4 exd4 5. exd4 Nc6 6. Nf3 Bb4+ 7. Nc3 Qe7+
8. Be3 Bg4 9. h3 Bxf3 10. Qxf3 O-O-O 11. Qg4+ f5 12. Qxf5+ Kb8 13. O-O Nxd4 14.
Bxd4 Rxd4 15. Nd5 Qc5 16. Qf7 Ne7 17. Qxg7 Ng6 18. Nxb4 Rxc4 19. a3 a5 20. Na2
Qe5 21. Qxe5 Nxe5 22. Rac1 Rd8 23. b3 Rcd4 24. Nc3 Rd3 25. Rfd1 Nc6 26. Kf1 Kc8
27. Rxd3 Rxd3 28. Ke2 Rd8 29. Nb5 Rd5 30. a4 h5 31. g4 Re5+ 32. Kf3 Re7 33. Kg3
Nb4 34. Rc5 hxg4 35. hxg4 Nd3 36. Rf5 Nc1 37. Rf8+ Kd7 38. Rf3 Re4 39. Rf7+ Ke6
40. Rxc7 Nxb3 41. f3 Rxa4 42. Rxb7 Rb4 43. Nc7+ 1-0

[Event "XXXVIII Festival A"]
[Site "Imperia ITA"]
[Date "1996.09.??"]
[Round "3"]
[White "Pegoraro, Nicola"]
[Black "Everet, Alexandro"]
[WhiteElo "2034"]
[BlackElo "2130"]
[Result "0-1"]
[PlyCount "118"]
[EventDate "1996.09.01"]

1. e4 c5 2. Nf3 Nc6 3. Bb5 g6 4. O-O Bg7 5. c3 Nf6 6. Re1 O-O 7. d3 d6 8. h3
Qb6 9. Na3 a6 10. Bxc6 Qxc6 11. Qe2 b5 12. Nc2 Bb7 13. Bg5 Rfe8 14. Bxf6 exf6
15. Ne3 Qd7 16. Qd1 c4 17. dxc4 Bxe4 18. Nd5 Rad8 19. Nd2 Bd3 20. Nb4 bxc4 21.
Nxd3 cxd3 22. Nb3 Rxe1+ 23. Qxe1 Bh6 24. Qd1 Qf5 25. Qf3 Qxf3 26. gxf3 a5 27.
Rb1 a4 28. Nd4 d2 29. b4 axb3 30. axb3 Rc8 31. Ne2 f5 32. Rd1 Ra8 33. f4 Ra2
34. Kg2 Rc2 35. b4 d5 36. b5 g5 37. b6 gxf4 38. f3 Bf8 39. b7 Bd6 40. Kf2 Rb2
41. Kf1 Be5 42. b8=Q+ Bxb8 43. Nd4 Be5 44. Nxf5 Bxc3 45. Ne7+ Kg7 46. Nxd5 Be5
47. Ke2 Kh6 48. Kd3 Kg5 49. Ke4 f6 50. Kd3 Kh4 51. Ke2 Kxh3 52. Ne7 Kg2 53. Nf5
h5 54. Nh4+ Kh2 55. Nf5 Rb5 56. Ng7 Bc3 57. Kd3 Ba5 58. Ne6 Rb3+ 59. Kc2 Rxf3
0-1

[Event "XXXVIII Festival A"]
[Site "Imperia ITA"]
[Date "1996.09.??"]
[Round "3"]
[White "Plesek, Jiri"]
[Black "Stodola, Jaroslav"]
[WhiteElo "2290"]
[BlackElo "2130"]
[Result "0-1"]
[PlyCount "60"]
[EventDate "1996.09.01"]

1. d4 Nf6 2. Nf3 g6 3. c4 Bg7 4. Nc3 d5 5. cxd5 Nxd5 6. e4 Nxc3 7. bxc3 O-O 8.
Be2 c5 9. O-O Nc6 10. Be3 cxd4 11. cxd4 Bg4 12. d5 Na5 13. Rc1 b6 14. Nd4 Bd7
15. f4 Rc8 16. Qd2 Rxc1 17. Rxc1 Qb8 18. e5 Rc8 19. e6 fxe6 20. dxe6 Be8 21.
Nb5 Bc6 22. Rd1 Nb7 23. Qb4 Bf6 24. a3 Rd8 25. Bd4 Bxb5 26. Bxb5 Qd6 27. Qxd6
Rxd6 28. Bxf6 Rxd1+ 29. Kf2 exf6 30. Ke2 Rd6 0-1